UBT Library

Crimes and punishment : (Record no. 41899)

000 -LEADER
fixed length control field 00721cam a2200229 a 4500
001 - CONTROL NUMBER
control field 1145514
005 - DATE AND TIME OF LATEST TRANSACTION
control field 20180206043032.0
008 - FIXED-LENGTH DATA ELEMENTS--GENERAL INFORMATION
fixed length control field 951016s1996 ilu 001 0 eng
010 ## - LIBRARY OF CONGRESS CONTROL NUMBER
LC control number 95046215
020 ## - INTERNATIONAL STANDARD BOOK NUMBER
International Standard Book Number 0256196842
040 ## - CATALOGING SOURCE
Original cataloging agency DLC
Transcribing agency DLC
Modifying agency DLC
041 ## - LANGUAGE CODE
Language code of text/sound track or separate title eng
043 ## - GEOGRAPHIC AREA CODE
Geographic area code n-us---
080 ## - UNIVERSAL DECIMAL CLASSIFICATION NUMBER
Universal Decimal Classification number 345.73
082 00 - DEWEY DECIMAL CLASSIFICATION NUMBER
Classification number 345.73 SIN
-- 347.305
Edition number 20
100 1# - Rafti
Rafti 13
101 ## - Shkurtesa
Shkurtesa SHJ
245 10 - TITLE STATEMENT
Title Crimes and punishment :
Statement of responsibility, etc Richard G. Singer, Martin R. Gardner.
906 ## - LOCAL DATA ELEMENT F, LDF (RLIN)
a 7
b cbc
c orignew
d 1
e ocip
f 19
g y-gencatlg
942 ## - ADDED ENTRY ELEMENTS (KOHA)
Source of classification or shelving scheme
Item type Books
Holdings
Withdrawn status Lost status Source of classification or shelving scheme Damaged status Not for loan Collection code Permanent location Current location Shelving location Date acquired Total Checkouts Full call number Barcode Date last seen Price effective from Koha item type
          Koleksioni i përgjithshem UBT - Lipjan UBT - Lipjan Koleksioni i përgjithshem 02/06/2018   345.73 SIN 002-2999093 02/06/2018 02/06/2018 Books
UBT Library © 2015-2024. All rights reserved University Education for Business and Technology